Informe presentado a las juntas generales de agricultura de 1849 por su comisión novena sobre las causas que contribuyen a que muchas de nuestras producciones agrícolas sean más caras que las de otras naciones y memoria sobre los remedios de estas causas / (Record no. 163224)

MARC details
000 -LEADER
campo de control de longitud fija 00864nam a22001815i 4500
001 - NÚMERO DE CONTROL
campo de control 163224
003 - IDENTIFICADOR DE NÚMERO DE CONTROL
campo de control ES-MaACL
005 - FECHA Y HORA DE LA ÚLTIMA TRANSACCIÓN
campo de control 20250603182142.0
008 - DATOS DE LONGITUD FIJA--INFORMACIÓN GENERAL
campo de control de longitud fija 990129s1849 sp |||| | spa d
080 ## - NÚMERO DE LA CLASIFICACIÓN DECIMAL UNIVERSAL
Número de la Clasificación Decimal Universal 338.43.02(460)
100 1# - ENTRADA PRINCIPAL--NOMBRE DE PERSONA
Nombre de persona Reinoso, Mariano Miguel de.
9 (RLIN) 131677
245 10 - MENCIÓN DEL TÍTULO
Título Informe presentado a las juntas generales de agricultura de 1849 por su comisión novena sobre las causas que contribuyen a que muchas de nuestras producciones agrícolas sean más caras que las de otras naciones y memoria sobre los remedios de estas causas /
Mención de responsabilidad, etc. escrita por Mariano Miguel Reinoso.
260 ## - PUBLICACIÓN, DISTRIBUCIÓN, ETC.
Lugar de publicación, distribución, etc. Madrid :
Nombre del editor, distribuidor, etc. [s.n.],
Fecha de publicación, distribución, etc. 1849 (
Fabricante Imp. a cargo de Manuel de Rojas)
300 ## - DESCRIPCIÓN FÍSICA
Extensión 59 p. ;
Dimensiones 20 cm.
651 #7 - PUNTO DE ACCESO ADICIONAL DE MATERIA--NOMBRE GEOGRÁFICO
Nombre geográfico España-
Subdivisión general Política agraria-
Subdivisión cronológica S.XIX
Fuente del encabezamiento o término
9 (RLIN) 143312
852 4# - LOCALIZACIÓN
Ubicación ES-MaACL
Número de control de estantería T-31-F-2
Nota libre - Enc. hol.
-- - Enc. en un vol. facticio
Holdings
Estatus retirado Estado de pérdida Estado de daño No para préstamo Colección Biblioteca de origen Biblioteca actual Ubicación en estantería Fecha de adquisición Total de préstamos Signatura topográfica completa Código de barras Visto por última vez Precio de reemplazo Tipo de ítem Koha
        Colección de folletos Biblioteca del Ateneo de Madrid Biblioteca del Ateneo de Madrid Depósito folletos 17/01/2008   T-31-F-2 1171039 23/02/2023 23/02/2023 Folleto